[Event "1st 4NCL Spring Bank Holiday Congress"]
[Site "Basingstoke"]
[Date "2018.05.28"]
[Round "7"]
[Board "15"]
[White "Zhu, Hou Ning"]
[Black "Horlock, Peter J"]
[Result "1-0"]
[WhiteElo "1309"]
[BlackElo "1612"]
[PlyCount "125"]
[EventDate "2018.05.25"]
[EventRounds "7"]
[EventCountry "ENG"]

1. e4 e5 2. Nf3 Nc6 3. d4 exd4 4. Bc4 Be7 5. c3 d6 6. Nxd4 Nxd4 7. cxd4 Nf6 8.
Nc3 a6 9. a4 c6 10. Qb3 O-O 11. Bf4 Nxe4 12. Nxe4 d5 13. Bxd5 cxd5 14. Nc3 Bf6
15. Qxd5 Qe7+ 16. Be5 Be6 17. Bxf6 Qxf6 18. Qe5 Qg6 19. O-O Rae8 20. Qg3 Qc2
21. Rab1 Bc4 22. Rfc1 Qd2 23. Qc7 Bd3 24. Ra1 Qxb2 25. Qg3 Bg6 26. f4 Qb6 27.
Qf2 Bf5 28. d5 Qd6 29. Re1 Rc8 30. Rac1 Rc4 31. g3 h5 32. Qe3 Qg6 33. h4 Rcc8
34. Kh2 Qg4 35. Qf2 Rcd8 36. Re7 Rd6 37. Rxb7 Rg6 38. Qg2 Rc8 39. a5 Be4 40.
Qh3 Bxd5 41. Qxg4 Rxg4 42. Rb6 Bf3 43. Rxa6 Rd8 44. Nb1 Rd5 45. Ra8+ Kh7 46. a6
Ra5 47. Rd8 Rxa6 48. Nd2 Ra2 49. Kh3 Be2 50. Re1 Bb5 51. Re5 Bc6 52. Rxh5+ Kg6
53. Kxg4 Ba4 54. Rg5+ Kh7 55. Rh5+ Kg6 56. Rd6+ f6 57. Nf3 Kf7 58. Ra5 Ke7 59.
Rda6 Bd7+ 60. f5 Rb2 61. Ra7 Rb4+ 62. Kh3 Ke8 63. Rxd7 1-0

[Event "1st 4NCL Spring Bank Holiday Congress"]
[Site "Basingstoke"]
[Date "2018.05.28"]
[Round "7"]
[Board "16"]
[White "Willmoth, Harrison"]
[Black "Dupuis, Denis K"]
[Result "1/2-1/2"]
[WhiteElo "1754"]
[BlackElo "1400"]
[PlyCount "70"]
[EventDate "2018.05.25"]
[EventRounds "7"]
[EventCountry "ENG"]

1. e4 e5 2. f4 d5 3. exd5 e4 4. Nc3 Nf6 5. Bb5+ Bd7 6. Bxd7+ Nbxd7 7. Nge2 Bc5
8. d4 Bb4 9. O-O Nb6 10. a3 Bxc3 11. Nxc3 Nbxd5 12. Nxd5 Qxd5 13. b3 O-O-O 14.
Bb2 h5 15. c4 Qf5 16. d5 c6 17. Rc1 Kb8 18. Be5+ Ka8 19. d6 Ng4 20. Bxg7 Rhg8
21. Qd4 f6 22. h3 Rxg7 23. hxg4 Rxg4 24. Rf2 Rxf4 25. Rxf4 Qxf4 26. Rd1 h4 27.
d7 h3 28. Qd2 e3 29. Qe2 Kb8 30. Rd3 Qf2+ 31. Qxf2 exf2+ 32. Kxf2 h2 33. Rh3
Rxd7 34. Rxh2 Rd3 35. Rh3 Rd2+ 1/2-1/2

[Event "1st 4NCL Spring Bank Holiday Congress"]
[Site "Basingstoke"]
[Date "2018.05.28"]
[Round "7"]
[Board "17"]
[White "Hatzipanteli, Theodora"]
[Black "Stoyanov, Boris"]
[Result "1-0"]
[WhiteElo "1521"]
[BlackElo "1310"]
[PlyCount "143"]
[EventDate "2018.05.25"]
[EventRounds "7"]
[EventCountry "ENG"]

1. e4 c5 2. Nf3 g6 3. d4 cxd4 4. Qxd4 Nf6 5. Nc3 Nc6 6. Qc4 d6 7. Be2 Be6 8.
Qd3 Bg7 9. O-O O-O 10. Bf4 a6 11. a4 Nh5 12. Be3 f5 13. Ng5 fxe4 14. Qxe4 Bf5
15. Qd5+ e6 16. Nxe6 Nf6 17. Nxd8+ Nxd5 18. Nxd5 Raxd8 19. c3 Rde8 20. Bc4 Kh8
21. Rad1 Ne5 22. Ba2 Bc2 23. Rd2 Bxa4 24. Nc7 Rc8 25. Ne6 Bb5 26. Nxf8 Bxf1 27.
Nxg6+ Nxg6 28. Kxf1 Be5 29. g3 Rd8 30. Bc5 Bf6 31. Rxd6 Rxd6 32. Bxd6 Kg7 33.
Bd5 b5 34. Bb7 a5 35. Bc7 a4 36. Bc6 Ne7 37. Bxb5 a3 38. bxa3 Bxc3 39. a4 Nd5
40. Bd8 Bd4 41. Ke1 Kf7 42. f4 Ke6 43. Bc4 Kd6 44. Bxd5 Kxd5 45. Kd2 Bg1 46. h3
Bh2 47. Bh4 Kc4 48. f5 Kb4 49. f6 Bg1 50. Kd3 Bc5 51. Ke4 Kxa4 52. Kd5 Kb4 53.
Ke6 Kc4 54. Kf7 h6 55. Kg6 Bf8 56. g4 Kd5 57. Kf7 Bd6 58. Kg7 Ke6 59. f7 Be5+
60. Kg8 Bd6 61. f8=Q Bxf8 62. Kxf8 Ke5 63. Kg7 Ke6 64. Bf6 Kd7 65. Kxh6 Ke8 66.
Kg7 Kd7 67. Kf7 Kd6 68. g5 Kd7 69. g6 Kd6 70. g7 Kd7 71. g8=Q Kd6 72. Qd8+ 1-0

[Event "1st 4NCL Spring Bank Holiday Congress"]
[Site "Basingstoke"]
[Date "2018.05.28"]
[Round "7"]
[Board "18"]
[White "Buanne, Luca"]
[Black "Kirby, Andrew"]
[Result "1/2-1/2"]
[WhiteElo "1422"]
[BlackElo "1424"]
[PlyCount "137"]
[EventDate "2018.05.25"]
[EventRounds "7"]
[EventCountry "ENG"]

1. e4 d5 2. exd5 Nf6 3. d4 Nxd5 4. c4 Nf6 5. Nf3 Bf5 6. Nc3 e6 7. Bg5 Be7 8.
Be2 O-O 9. Nh4 Be4 10. Nxe4 Nxe4 11. Bxe7 Qxe7 12. Nf3 Qb4+ 13. Nd2 Nc6 14. d5
Nxd2 15. Qxd2 Qxd2+ 16. Kxd2 exd5 17. cxd5 Rad8 18. Bf3 Nb4 19. Rhd1 Nxd5 20.
Ke2 Rfe8+ 21. Kf1 c6 22. Rac1 Nf6 23. a4 Kf8 24. b4 Rxd1+ 25. Rxd1 Ke7 26. b5
cxb5 27. axb5 Rd8 28. Re1+ Kd6 29. Bxb7 Kc7 30. Bc6 Nd5 31. Ra1 Kb8 32. Ra3 Ne7
33. Bf3 Rd7 34. Re3 Kc7 35. g3 Kb6 36. Rb3 Nd5 37. Kg2 g6 38. h3 f5 39. Kh2 Kc5
40. Bg2 Re7 41. Bxd5 Kxd5 42. b6 axb6 43. Rxb6 Rd7 44. Kg2 Ke4 45. Re6+ Kd5 46.
Re2 Kd6 47. Kf3 Ra7 48. Kf4 h6 49. Rb2 Ra4+ 50. Kf3 Ra3+ 51. Kg2 Ke7 52. Rb6
Kf7 53. Rd6 Rc3 54. Ra6 Rb3 55. Ra7+ Kf6 56. h4 h5 57. Rd7 Rc3 58. Rd6+ Kf7 59.
Rd7+ Kf6 60. Rb7 Rd3 61. Rb6+ Kf7 62. Rb7+ Kf6 63. Rh7 Ra3 64. Rb7 Rc3 65. Rb4
Ra3 66. Rf4 Ke5 67. Rf3 Ra2 68. Rb3 Kf6 69. Rb6+ 1/2-1/2

[Event "1st 4NCL Spring Bank Holiday Congress"]
[Site "Basingstoke"]
[Date "2018.05.28"]
[Round "7"]
[Board "19"]
[White "Chen, Daniel Xingyu"]
[Black "Mendis, Vidura"]
[Result "1/2-1/2"]
[WhiteElo "1592"]
[BlackElo "1562"]
[PlyCount "34"]
[EventDate "2018.05.25"]
[EventRounds "7"]
[EventCountry "ENG"]

1. e4 e6 2. d4 d5 3. Nd2 Bd7 4. Ngf3 c5 5. c3 Nc6 6. Be2 Qb6 7. exd5 exd5 8.
Nf1 Nf6 9. Ng3 cxd4 10. cxd4 Bb4+ 11. Bd2 Nxd4 12. O-O Nxf3+ 13. Bxf3 Bxd2 14.
Qxd2 Be6 15. Rfe1 O-O 16. Rad1 Rfd8 17. b3 Rac8 1/2-1/2

[Event "1st 4NCL Spring Bank Holiday Congress"]
[Site "Basingstoke"]
[Date "2018.05.28"]
[Round "7"]
[Board "20"]
[White "Robinson, Brian"]
[Black "Hammond, Benjamin"]
[Result "1/2-1/2"]
[WhiteElo "1590"]
[BlackElo "1483"]
[PlyCount "61"]
[EventDate "2018.05.25"]
[EventRounds "7"]
[EventCountry "ENG"]

1. d4 d5 2. Nf3 Nf6 3. e3 Bf5 4. Nh4 Bg4 5. Be2 Bxe2 6. Qxe2 e6 7. Nd2 Be7 8.
Nhf3 O-O 9. O-O c5 10. c3 Nc6 11. dxc5 Bxc5 12. e4 Re8 13. e5 Nd7 14. Nb3 Qb6
15. Rd1 Rac8 16. Bf4 a5 17. Ng5 h6 18. Nh3 Nf8 19. Qg4 Ng6 20. Qg3 Red8 21.
Nxc5 Qxc5 22. Rac1 Qb5 23. b3 a4 24. Rb1 a3 25. Bc1 Ncxe5 26. Rd4 Qc5 27. Bd2
Nc6 28. Rd3 Nce5 29. Rd4 Nc6 30. Rd3 Nce5 31. Rd4 1/2-1/2

[Event "1st 4NCL Spring Bank Holiday Congress"]
[Site "Basingstoke"]
[Date "2018.05.28"]
[Round "7"]
[Board "21"]
[White "Sandercock, E Barry"]
[Black "O`Gorman, Brian"]
[Result "1-0"]
[WhiteElo "1679"]
[BlackElo "1537"]
[PlyCount "63"]
[EventDate "2018.05.25"]
[EventRounds "7"]
[EventCountry "ENG"]

1. f4 d5 2. e3 Nf6 3. Nf3 Bf5 4. d4 h6 5. Bd3 Bxd3 6. Qxd3 e6 7. Nbd2 c5 8. c3
cxd4 9. exd4 Nc6 10. Ne5 Be7 11. O-O Nd7 12. Ndf3 Ndxe5 13. Nxe5 Nxe5 14. fxe5
Bg5 15. Rf3 O-O 16. Bxg5 Qxg5 17. Rg3 Qf5 18. Qxf5 exf5 19. Rf1 g6 20. Rxf5 Kh7
21. Rf6 Rae8 22. Rgf3 Kg7 23. Kf2 Re6 24. b3 Rxf6 25. Rxf6 Re8 26. Rd6 Rc8 27.
Rxd5 Rxc3 28. Rc5 Rd3 29. d5 Rd2+ 30. Ke3 Rxa2 31. d6 Kf8 32. Rc8+ 1-0

[Event "1st 4NCL Spring Bank Holiday Congress"]
[Site "Basingstoke"]
[Date "2018.05.28"]
[Round "7"]
[Board "22"]
[White "Kammin, Sam"]
[Black "Zhu, Feng"]
[Result "1/2-1/2"]
[WhiteElo "1592"]
[BlackElo "1457"]
[PlyCount "126"]
[EventDate "2018.05.25"]
[EventRounds "7"]
[EventCountry "ENG"]

1. Nf3 d5 2. d4 Nf6 3. c4 c6 4. g3 dxc4 5. Bg2 b5 6. a4 b4 7. Ne5 Bb7 8. Nxc4
Nbd7 9. O-O e6 10. Bf4 Nb6 11. Na5 Qc8 12. Nxb7 Qxb7 13. Qc2 Rc8 14. e4 Be7 15.
Nd2 O-O 16. Nc4 Nxc4 17. Qxc4 Rfd8 18. Rfd1 a5 19. Rac1 c5 20. d5 exd5 21. exd5
Bd6 22. Bg5 Re8 23. Bxf6 gxf6 24. Re1 f5 25. Bh3 Re5 26. Rxe5 Bxe5 27. Bxf5 Rc7
28. Qg4+ Kh8 29. Bxh7 Kxh7 30. Qf5+ Kg8 31. Qxe5 Re7 32. Qd6 Qc7 33. Qxc7 Rxc7
34. d6 Rd7 35. Rxc5 Rxd6 36. Rc2 b3 37. Rc3 Rb6 38. Kf1 Rb4 39. Ke2 Rxa4 40.
Rxb3 Ra2 41. Ke3 a4 42. Rb6 a3 43. bxa3 Rxa3+ 44. Ke2 Ra2+ 45. Kf3 Ra3+ 46. Kg2
Kg7 47. h4 f6 48. Re6 Kg6 49. Re3 Ra2 50. g4 f5 51. g5 Kh5 52. Rf3 Kxh4 53.
Rxf5 Kg4 54. Rb5 Kf4 55. g6 Ra6 56. Rb4+ Kf5 57. Kf3 Kxg6 58. Ke4 Re6+ 59. Kd4
Kf5 60. Rb5+ Kf4 61. Rb8 Rf6 62. Rb3 Rd6+ 63. Kc5 Rd2 1/2-1/2